000 00332nam a2200133Ia 4500
008 151001s9999||||xx |||||||||||||| ||und||
100 _aसुरेश पाटील
245 _aदलित इंडिया
250 _a1
260 _bसंगीता
260 _c2009
300 _a104
365 _b21
999 _c994823
_d994820